000 00664nam a2200229 i 4500
003 OSt
005 20150316112144.0
008 880408r19861981sp spa
020 _a84-348-0901-X
040 _cBMC
082 _a808.068083
100 1 _aMonteilhet, H.
_930790
245 1 0 _aDe profesión, fantasma
_cH. Monteilhet ; [traducción, Manuel Barbadillo]
250 _a13ª ed
260 1 _aMadrid
_bSM
_c1989
300 _a196 p.
_bil.
_c19 cm
490 _aEl Barco de vapor
_v116
546 _aTraducción de: Un métier de fantôme
650 2 4 _929811
_aCuentos infantiles
700 1 _aBarbadillo, Manuel
_930750
_d1928-2007
942 _2ddc
_cBK
999 _c17788
_d17788